000 00875naa a2200265 c 4500
001 43280
003 ES-MaCES
005 20120921095900.0
008 120921n2012 sp t 000 | spa d
035 _aCES20120008918v
040 _aES-MaCES
_bspa
_cES-MaCES
100 1 _aBanacloche Pérez, Julio
_97001
245 1 0 _aFiscalidad de la familia rural
_cJulio Banacloche Pérez
650 4 _aEspaña
_926964
650 4 _aeconomía domestica
_928324
650 4 _aeconomía agraria
_927486
650 4 _arégimen especial agrario
_931017
650 4 _aadministración fiscal
_927209
650 4 _apolítica fiscal
_928082
653 1 0 _aFiscalidad
773 0 _tImpuestos
_gaño 28, n. 1 (1 en. 2012){10161 R. 081618}; p. 1-11
_w(ES-MaCES)25178
_940474
902 _aART Artículo de revista
942 _2CES
_cAR
_h0.1.
999 _c43280
_d43280